• 首页
  • 本馆介绍
  • 公告通知
  • 最新文献
  • 馆藏检索
  • 电子资源
  • 读者导购
  • 参考咨询
  • 我的图书馆
  • 登录
  • 详细信息显示
  • 放入我的书架
  • 预约/预借图书
  • 作者相关作品
  • 分类相关作品
  • 丛书相关作品
  • 出版社相关作品

书目信息

  • 表格格式
  • 工作单格式
  • 卡片格式
题名:
世界城市建设与教育国际化
    
 
作者: 刘宝存 , 李辉 著
分册:  
出版信息: 北京   人民出版社  2020
页数: 417页
开本: 24cm
丛书名: 扩大教育开放与国家发展丛书
单 册:
中图分类: F291 , G51
科图分类:
主题词: 城市建设--世界--关系--教育--国际化--研究
电子资源:
ISBN: 978-7-01-022540-1
000 01326nam0 2200289 450
001 2345262871
005 20231104123429.59
010    @a978-7-01-022540-1@dCNY81.00
100    @a20210507d2020 em y0chiy50 ea
101 0  @achi
102    @aCN@b110000
105    @ay z 000yy
200 1  @a世界城市建设与教育国际化@Ashi jie cheng shi jian she yu jiao yu guo ji hua@f刘宝存,李辉等著
210    @a北京@c人民出版社@d2020
215    @a417页@d24cm
225 1  @a扩大教育开放与国家发展丛书@f王英杰,刘宝存主编
300    @a北京市哲学社会科学规划项目“北京建设中国特色世界城市与教育国际化问题研究”
330    @a本书总结了世界城市的概念、发展历程和发展模式,分析了教育在世界城市建设中的作用与教育的国际化趋势,并选择纽约、多伦多、伦敦、巴黎、东京、新加坡、香港等世界城市为案例,具体研究了其世界城市发展道路与教育国际化发展路径,并在此基础上探讨了北京建设中国特色世界城市与教育国际化的战略选择,为推进北京教育国际化、加快北京建设中国特色世界城 市提出了政策建议。
410  0 @12001 @a扩大教育开放与国家发展丛书
510 1  @aWorld city development and internationalization of education@zeng
606 0  @a城市建设@y世界@x关系@x教育@x国际化@x研究
690    @aF291@v5
690    @aG51@v5
701  0 @a刘宝存@Aliu bao cun@4著
701  0 @a李辉@Ali hui@4著
801  0 @aCN@b91MARC@c20210529
905    @aZUCC@dF291@e25
    
    世界城市建设与教育国际化/刘宝存,李辉等著.-北京:人民出版社,2020
    417页;24cm.-(扩大教育开放与国家发展丛书/王英杰,刘宝存主编)
    北京市哲学社会科学规划项目“北京建设中国特色世界城市与教育国际化问题研究”
    
    ISBN 978-7-01-022540-1:CNY81.00
    本书总结了世界城市的概念、发展历程和发展模式,分析了教育在世界城市建设中的作用与教育的国际化趋势,并选择纽约、多伦多、伦敦、巴黎、东京、新加坡、香港等世界城市为案例,具体研究了其世界城市发展道路与教育国际化发展路径,并在此基础上探讨了北京建设中国特色世界城市与教育国际化的战略选择,为推进北京教育国际化、加快北京建设中国特色世界城 市提出了政策建议。
●
相关链接 在五车中查询图书 在当当中查询图书 在豆瓣中查询图书


正题名:世界城市建设与教育国际化     索取号:F291/25         预约/预借

序号 登录号 条形码 馆藏地/架位号 状态 备注
1 2001038271   2001038271   悦读、辽宁混合/悦读天下/辽批141/ [索取号:F291/25] 在馆    
2 2001038272   2001038272   悦读、辽宁混合/悦读天下/辽批141/ [索取号:F291/25] 在馆    
3 2001038273   2001038273   悦读、辽宁混合/悦读天下/辽批141/ [索取号:F291/25] 在馆    
4 2001038274   2001038274   悦读、辽宁混合/悦读天下/辽批141/ [索取号:F291/25] 在馆    
5 2001038275   2001038275   悦读、辽宁混合/悦读天下/辽批141/ [索取号:F291/25] 在馆    
6 2001038276   2001038276   悦读、辽宁混合/悦读天下/辽批141/ [索取号:F291/25] 在馆    
山东省滨州职业学院图书馆 欢迎您!
大连网信软件有限公司© 版权所有